000 00977nam0a22002771 4500
001 rc\4662621
005 20130416203509.2
021 _aRU
_b[67-15567]
035 _a(NLR Aleph) 008697859
090 _a9279963
_c9279963
100 _a20130416d1967 |||y0rusy50 ca
101 0 _arus
102 _aRU
105 _aa z |||a|
200 1 _aЖивая математика
_eМат. рассказы и головоломки
_fПод ред. и с доп. В.Г. Болтянского
205 _a8-е изд., перераб. и доп.
210 _aМосква
_cНаука
_d1967
215 _a160 с.
_cил.
_d20
606 _aМатематика занимательная
_2psbo
700 1 _aПерельман
_bЯ. И.
_f1882-1942
_gЯков Исидорович
_3RU\NLR\AUTH\7745475
_4070
702 1 _aБолтянский
_bВ. Г.
_4340
_4212
801 0 _aRU
_bNLR
_gpsbo
801 1 _aRU
_bELAR
_2rusmarc
852 _aNLR
_j67-3/1760
942 _cBOOK
980 _aNB